Changing Conditions of Imperial Defence (Record no. 195053)

000 -LEADER
fixed length control field 00705 a2200169 4500
003 - CONTROL NUMBER IDENTIFIER
control field Nust
005 - DATE AND TIME OF LATEST TRANSACTION
control field 20170207154215.0
028 ## - PUBLISHER NUMBER
Publisher number 940
040 ## - CATALOGING SOURCE
Transcribing agency Nust
082 ## - DEWEY DECIMAL CLASSIFICATION NUMBER
Classification number 940
100 ## - MAIN ENTRY--PERSONAL NAME
Personal name Capt.D.H.Cole,M.B.E
245 ## - TITLE STATEMENT
Title Changing Conditions of Imperial Defence
Remainder of title Essays on Military Geography
Statement of responsibility, etc. Capt.D.H.Cole,M.B.E
260 ## - PUBLICATION, DISTRIBUTION, ETC.
Place of publication, distribution, etc. london
Name of publisher, distributor, etc. Sifton Praed
Date of publication, distribution, etc. 1930
300 ## - PHYSICAL DESCRIPTION
Extent 183p;
505 ## - FORMATTED CONTENTS NOTE
Formatted contents note Man Power (Page-1) Material Resources of The Empire (page-23) The United States and Sea Power (Page-46) France and Italy and Sea Power In the Mediterranean (Page-78) Great Britain and the Indian Ocean (page-97) Japan and the Pacific (Page-132) The Changing Scene (page-159)
538 ## - SYSTEM DETAILS NOTE
System details note Almirah No.134 and Shelv No.4
942 ## - ADDED ENTRY ELEMENTS (KOHA)
Source of classification or shelving scheme
Koha item type Book
Holdings
Withdrawn status Lost status Source of classification or shelving scheme Damaged status Not for loan Collection code Permanent Location Current Location Date acquired Total Checkouts Full call number Barcode Date last seen Price effective from Koha item type
            Military College of Signals (MCS) Military College of Signals (MCS) 12/12/2016   940 GEO MCS29342 12/08/2016 12/12/2016 Book
© 2023 Central Library, National University of Sciences and Technology. All Rights Reserved.